00669nam a2200205Ia 4500008004100000020002500041040001900066041001200085082002500097100001700122245005500139260004500194300002300239504005000262650000900312651002100321942000700342999001600349952009800365131103s9999 xx 000 0 und d a019565868-XcRs. 325 aLoreto College aEnglish a641/ACHbLCLIB/42485 aAchaya, K.T. 2aA historical dictionary of Indian foodcK.T.Achaya aNew DelhibOxford University Pressc2002 axvi,347p, 21.5 cm. aIncludes bibliographical references and index aFood aFood and drink  cBK c2303d52782 00104070aMAINbMAINd2013-11-04l0o641/ACH LCLIB/42485pB1180r2013-11-04w2013-11-04yBK